000 00578nam a2200193Ia 4500
005 20250508162911.0
008 008 250505s9999 xx 000 0 eng d
037 _aTextual
040 _aFEDL
_beng
_cFEDL
041 _aeng
_2eng
084 _a510, GOY
_qFEDL
100 _aGoyal J K
_9774342
245 0 _aLaplace and fourier transforms: For students of mathematics, physics and engineering
260 _aMeerut, India
_bPragati Prakashan
_c1989
300 _a208p.
700 _a Gupta K P
_9774343
942 _cTEXL
_h510, GOY
999 _c1379318
_d1379318